Fyziologická výživová dávka v školskom stravovaní

Bibliographic Details
Main Authors: Kajaba, Igo, 1936-2022 (Author), Malík, Jozef (Author)
Format: Article
Language:Slovak
PhysicalDescription:Tab. 2.
Subjects:

MARC

LEADER 00000nab a2200000 a 4500
001 vtls000034874
003 SK-MaSNL
005 20260304235551.0
008 250422c1979 xo 0 slo
015 |a SNBRB19rr/mm-uuuuu 
035 |a CL0044969 
035 |a urn:nbn:sk:snk-ab6wtl 
035 |a (uuid)dce3514d-c844-4bb1-b4cb-36139a75a85d 
035 |a (urnnbn)urn:nbn:sk:snk:ar-a063dv 
035 |a (sysno)vtls000034874 
040 |a SNKBUCL  |b slo  |c SNKBUCL  |e AACR2 
041 0 |a slo 
044 |a xo  |c SK 
080 |a 371  |2 1981 
080 |a 613.2  |2 1981 
100 1 |a Kajaba, Igo,  |d 1936-2022  |4 aut  |9 54490 
245 1 0 |a Fyziologická výživová dávka v školskom stravovaní  |c Igo Kajaba, Jozef Malík 
300 |b Tab. 2. 
650 0 7 |a školské stravovanie  |2 snkbucl  |9 71306 
650 0 7 |a racionálna výživa  |2 snkbucl  |9 2578 
655 7 |a články z novín a časopisov  |2 snkbucl  |9 267496 
700 1 |a Malík, Jozef  |4 aut  |9 897087 
773 0 |t Výživa a zdravie  |g Roč. 24, č. 5 (1979), s. 105 
850 |a Slovenská národná knižnica 
852 |a Slovenská národná knižnica 
954 |a odborná, vedecká literatúra pôvodná (slovenská)  |2 lita 
958 |a article27 
958 |a RK 
958 |a MI 
958 |a OND 
958 |a EUIPO 
992 |a RBX 
999 |c 3209455  |d 3211385